Numbers That Can Be Rolled with Two Six-Sided Dice - Statistics

General Stats
  • This quiz has been taken 224 times
  • The average score is 11 of 11
Answer Stats
Number % Correct
3
98%
4
98%
5
98%
7
98%
8
98%
6
97%
9
97%
11
96%
2
96%
10
94%
12
94%
No matching quizzes found
Score Distribution
Percent of People with Each Score
Percentile by Number Answered
Your Score History
You have not taken this quiz